00548nam a2200169Ia 4500003000900000008004100009020001800050040001600068080001700084100001900101245012400120260003700244300001400281650004100295650002600336650001600362IN-BaIIA211028s9999 xx 000 0 eng d a0-85066-094-7 cIIA Library a520.1bGWO-2 aMeadows, A. J. 0aGreenwich observatorybvol. 2, recent history (1836-1975)cA. J. Meadows  aLondonbTaylor and Francisc1975 axi, 135p. aAstronomy and astrophysics thesaurus aGreenwich observatory aObservatory